World's Fair Host Cities - Statistics

General Stats
  • This quiz has been taken 17,207 times
    17,095 since last reset
  • The average score is 21 of 51
Answer Stats
Years City % Correct
1855, 1867, 1878, 1889, 1900, 1937, 1947 Paris
97%
1851, 1862 London
96%
1939 New York City
96%
1957 West Berlin
90%
1953 Rome
87%
1893, 1933 Chicago
80%
1888, 1929 Barcelona
77%
1906, 2015 Milan
73%
1897, 1910, 1935, 1958 Brussels
69%
1936, 1949 Stockholm
68%
1965 Munich
67%
1915, 1939 San Francisco
65%
1873 Vienna
64%
1998 Lisbon
63%
1880 Melbourne
61%
2010 Shanghai
61%
2021 Dubai
56%
1962 Seattle
56%
1967 Montreal
55%
1954 Naples
55%
1876 Philadelphia
54%
1986 Vancouver
54%
1938 Helsinki
53%
1949 Lyon
50%
1904 St. Louis
50%
1971 Budapest
49%
1970, 2025 Osaka
48%
1955, 1961 Turin
41%
1988 Brisbane
39%
1953 Jerusalem
29%
2027 Belgrade
28%
1992 Seville
27%
1984 New Orleans
26%
2005 Aichi
20%
1992 Genoa
18%
1951 Lille
18%
1968 San Antonio
14%
2000 Hanover
12%
1913 Ghent
10%
2017 Astana
9%
1982 Knoxville
9%
1905, 1939 Liège
8%
2008 Zaragoza
7%
1974 Spokane
6%
1949 Port-au-Prince
5%
1975 Okinawa
4%
1981, 1991 Plovdiv
4%
1956 Beit Dagan
3%
1993 Daejeon
3%
1955 Helsingborg
3%
2012 Yeosu
3%
No matching quizzes found
Score Distribution
Percent of People with Each Score
Percentile by Number Answered
Your Score History
You have not taken this quiz since the last reset